| Поле | Инд. | ПП | Название | Значение |
|---|---|---|---|---|
| Тип записи | a | |||
| Библиографический уровень | m | |||
| 001 | Контрольный номер | eb7ac6778f3d4115b6fc3eede24d4c1e | ||
| 005 | Дата корректировки | 20260522143340.1 | ||
| 040 | a | Служба первич. каталог. | 10013504 | |
| b | Код языка каталог. | rus | ||
| e | Правила каталог. | PSBO | ||
| 041 | 0_ | a | Код языка текста | rus |
| 090 | a | Полочн. индекс | Дис. | |
| x | Авторский знак | Э 95 | ||
| r | Идентификатор организации | 10013504 | ||
| 100 | 1_ | a | Автор | Эхина Е.В. |
| q | Полное имя | Эхина Елена Викторовна | ||
| 245 | 10 | a | Заглавие | Механизм влияния структуры слитка на конечные свойства листа технического алюминия |
| b | Продолж. заглавия | диссертация ... кандидата технических наук | ||
| c | Ответственность | науч. рук. О.С. Бочвар ; МАТИ, кафедра "Металловедение и технология термической обработки металлов и сплавов" | ||
| 260 | a | Место издания | Москва | |
| c | Дата издания | 1967 | ||
| 300 | a | Объем | 225 с. | |
| b | Иллюстрации/ тип воспроизводства | ил. | ||
| 504 | a | Библиография | Библиогр.: с. 215-225 (110 назв.) | |
| 653 | 0_ | a | Ключевые слова | ДИССЕРТАЦИИ; АВТОР МАТИ; СТРУКТУРА СЛИТКА; ЛИСТЫ ТЕХНИЧЕСКОГО АЛЮМИНИЯ |
| 700 | 12 | a | Другие авторы | Бочвар О.С. |
| q | Полное имя | Бочвар Ольга Семеновна | ||
| e | Роль лиц | Научный руководитель | ||
| 901 | t | Тип документа | d | |
| 952 | a | Тип литературы для КСУ ВШ | КДНР | |
| c | Вид литературы | диссертация | ||
| f | Кафедра | Металловедение и технология термической обработки металлов и сплавов |